Fuori le palle : privilegi e trappole della mascolinità /

Saved in:
Bibliografiske detaljer
Hovedforfatter: Tuaillon, Victoire (Author)
Andre forfattere: De Marco, Giulia (traduttrice) (Translator), Gheno, Vera (Author of afterword, colophon, etc.), Licata, Chiara (Translator)
Format: Bog
Sprog:italiensk
Udgivet: Torino : Add, ©2024
Udgivelse:1. ristampa
Fag:
Tags: Tilføj Tag
Ingen Tags, Vær først til at tagge denne postø!

MARC

LEADER 00000nam a2200000 i 4500
001 IT\ICCU\RT1\0183675
003 ItRI
005 20260115232133.0
008 231124s2024 it |||||| |||||0|||||c
015 |2 IT  |a 2024-9456 
020 |a 9788867834440 
040 |b ita  |c importazione bologna sebina 
041 7 |a ita  |2 ISO-639-2 
082 |a 305.31  |9 UOMINI  |2 23 
100 1 |a Tuaillon, Victoire  |0 IT\ICCU\RT1V\055268  |4 aut 
240 1 3 |a Lescouilles sur la table  |3 IT\ICCU\RT1\1023408  |9 Tuaillon, Victoire 
245 1 0 |a Fuori le palle :  |b privilegi e trappole della mascolinità /  |c Victoire Tuaillon ; traduzione di Chiara Licata e Giulia De Marco ; [postfazione di Vera Gheno]. 
250 |a 1. ristampa 
260 |a Torino :  |b Add,  |c ©2024 
300 |a 286 p. :  |b ill. ;  |c 21 cm 
650 7 |a MASCOLINITA 
700 1 |a De Marco, Giulia  |c  (traduttrice)  |0 IT\ICCU\RT1V\055819  |4 trl 
700 1 |a Gheno, Vera  |0 IT\ICCU\RAVV\379657  |4 aft 
700 1 |a Licata, Chiara  |0 IT\ICCU\BVEV\239371  |4 trl 
942 |2 ddc  |c BK  |n 0 
952 |0 0  |1 0  |4 0  |6 DOC_305_310000000000000_TUA  |7 0  |9 20692  |a BO  |b BO  |d 2026-01-15  |i 21105  |l 0  |o DOC 305.310 TUA  |p BO21105  |r 2026-01-15 23:21:33  |w 2026-01-15  |x [Sebina 5] [1 v.]  |y BK  |z 1 v. 
999 |c 17677  |d 17677